000 00740cam a22002533a 4500
001 22217
003 PGUSA
005 20140828083455.0
008 070802s2007||||xxu|||||s|||||000 | eng d
040 _aPGUSA
_beng
042 _adc
050 4 _aPK
100 1 _aTagore, Rabindranath,
_d1861-1941
245 1 0 _aMy Reminiscences
_h[electronic resource] /
_cRabindranath Tagore
260 _bProject Gutenberg,
_c2007
506 _aPublic domain in the USA.
516 _aElectronic text
653 _aAuthors, Bengali -- 20th century -- Biography
653 _aTagore, Rabindranath, 1861-1941
700 1 _aHesh, Sasi Kumar
830 0 _aProject Gutenberg
_v22217
856 4 0 _uhttp://www.gutenberg.org/ebooks/22217
942 _cEB
999 _c251472
_d251472